Adolescent character and personality / (Record no. 132831)

MARC details
000 -LEADER
fixed length control field 00698nam a22002417a 4500
005 - DATE AND TIME OF LATEST TRANSACTION
control field 20170124110200.0
010 ## - LIBRARY OF CONGRESS CONTROL NUMBER
LC control number 560334
020 ## - INTERNATIONAL STANDARD BOOK NUMBER
Terms of availability 00.00
035 ## - SYSTEM CONTROL NUMBER
System control number 560334
037 ## - SOURCE OF ACQUISITION
Source of stock number/acquisition Cen Lib/Ret
040 ## - CATALOGING SOURCE
Original cataloging agency DPL
Language of cataloging EN
082 ## - DEWEY DECIMAL CLASSIFICATION NUMBER
Classification number 136.73
Item number HAV
100 ## - MAIN ENTRY--PERSONAL NAME
Personal name Havighurst, Robert J.
9 (RLIN) 35873
245 ## - TITLE STATEMENT
Title Adolescent character and personality /
Statement of responsibility, etc by Robert J.Havighurst [and] Hilda Taba
260 ## - PUBLICATION, DISTRIBUTION, ETC. (IMPRINT)
Place of publication, distribution, etc New York
Name of publisher, distributor, etc John Wiley & Sons
Date of publication, distribution, etc 1949
270 ## - ADDRESS
Address New York
City New York
300 ## - PHYSICAL DESCRIPTION
Extent x,315p.
Dimensions 20cm(Hb)
500 ## - GENERAL NOTE
General note Includes index
650 ## - SUBJECT ADDED ENTRY--TOPICAL TERM
Topical term or geographic name as entry element Adolescence
9 (RLIN) 27493
650 ## - SUBJECT ADDED ENTRY--TOPICAL TERM
Topical term or geographic name as entry element Community Factors
9 (RLIN) 35874
700 ## - ADDED ENTRY--PERSONAL NAME
Personal name Hilda Taba
9 (RLIN) 35875
942 ## - ADDED ENTRY ELEMENTS (KOHA)
Source of classification or shelving scheme Dewey Decimal Classification
Koha item type English Books
Classification part 136.73
Call number suffix HAV
Holdings
Withdrawn status Lost status Damaged status Not for loan Home library Current library Date acquired Source of acquisition Cost, normal purchase price Total Checkouts Full call number Barcode Date last seen Copy number Cost, replacement price Price effective from Koha item type Public note
Written off       Central Library Central Library 23/07/2015 Cen Lib/Ret 0.00   136.73 HAV 560334 23/07/2015 1 0.00 23/07/2015 English Books Written off on approval by DLB (By Circulation); dtd 15-06-2023

© Delhi Public Library
Hit Counter
free hit counter